000 01021nam a2200205Ii 4500
003 JO-AjNU
008 230605s9999||||xx |||||||||||||| ||und||
040 _aJO-AjNU
_bara
_erda
_cJO-AjNU
041 _aara
050 1 4 _aKMM44.5.1975
100 3 _aاعداد ، المكتب الفني بادارة طارق شفيق نبيل,
_eauthor
_947064
245 0 0 _aالمبادئ القانونية لمحكمة التميز في القضايا الحقوقية المنشورة في مجلة نقابة المحامين منذ بداية سنة 1971 حتى نهاية سنة 1975 ،الجزء الثالث
250 _a(د،ط)
264 3 1 _aعمان : نقابة المحامين ، 1975
300 _aج3، 1085ص
336 _atext
_btxt
_2rdacontent
337 _aunmediated
_bn
_2rdamedia
338 _avolume
_bnc
_2rdacarrier
650 4 _aمحاكم النقض والإبرام -- الأردن -- الأردن. محكمة التمييز -- مجلة نقابة المحاميين (عمان، الأردن)
_947065
999 _aA20519
_c24087
_d24087